000 00944nam a2200241 a 4500
001 59935
003 BD-RjUL
005 20211209080802.0
008 161227s2009 bg ||||| |||| 00| 0 ben d
020 _a9847029200025
035 _a(BD-RjUL)60059
040 _aBD-RjUL
_bben
_cBD-RjUL
041 _aben
082 _223
_a323.352095492
_bBAN 2009
245 0 0 _aবাংলাদেশের শিশু ও নারী পরিস্থিতি নিরূপণ ও বিশ্লেষণ /
260 _aঢাকা :
_bইউনিসেফ বাংলাদেশ,
_c২০০৯
300 _a১৭৪ পৃ. ;
_c২৮ সেমি.
490 _aসেপ্টেম্বর ২০০৯
650 _a Children's rights
_z Bangladesh.
_9178282
650 _aশিশু অধিকার
_zবাংলাদেশ.
_9177554
856 _3সেপ্টেম্বর ২০০৯
942 _2ddc
_cBK
999 _c59935
_d59935